Introduction to information systems: essentials for the e-business enterprise. / (Record no. 1106)

MARC details
000 -LEADER
fixed length control field 01203nam a22002057a 4500
005 - DATE AND TIME OF LATEST TRANSACTION
control field 20210414113957.0
008 - FIXED-LENGTH DATA ELEMENTS--GENERAL INFORMATION
fixed length control field 120605t xxu||||| |||| 00| 0 eng d
020 ## - INTERNATIONAL STANDARD BOOK NUMBER
International Standard Book Number 0072830204
050 ## - LIBRARY OF CONGRESS CALL NUMBER
Classification number HF5548.2.O23
100 ## - MAIN ENTRY--PERSONAL NAME
Personal name O'Brien, James A.
245 ## - TITLE STATEMENT
Title Introduction to information systems: essentials for the e-business enterprise. /
Statement of responsibility, etc. James A. O'Brien
250 ## - EDITION STATEMENT
Edition statement 11th edition
260 ## - PUBLICATION, DISTRIBUTION, ETC.
Place of publication, distribution, etc. Boston:
Name of publisher, distributor, etc. McGraw-Hill,
Date of publication, distribution, etc. 2003.
300 ## - PHYSICAL DESCRIPTION
Extent xxii, 450 p.:
Other physical details various pages + ill. ;
Dimensions 28cm.
500 ## - GENERAL NOTE
General note Includes index
505 ## - FORMATTED CONTENTS NOTE
Formatted contents note Contents: Foundation concepts: Foundations of information systems in business -- Competing with information technology -- Information technologies: Computer hardware -- Computer software -- Data resource management -- Telecommunications and networks -- Business applications: Electronic business systems -- Electronic commerce systems -- Decision support systems -- Development processes: Developing e-business solutions -- Management Challenges: Security and ethical chalenges of e-business -- Enterprise and global management of e-business technology.
650 ## - SUBJECT ADDED ENTRY--TOPICAL TERM
Topical term or geographic name entry element Business
General subdivision Data processing.
650 ## - SUBJECT ADDED ENTRY--TOPICAL TERM
Topical term or geographic name entry element Management
General subdivision Management information systems
942 ## - ADDED ENTRY ELEMENTS (KOHA)
Source of classification or shelving scheme Library of Congress Classification
Koha item type Books
Holdings
Withdrawn status Lost status Source of classification or shelving scheme Damaged status Not for loan Home library Current library Shelving location Date acquired Total Checkouts Full call number Barcode Date last seen Copy number Price effective from Koha item type
    Library of Congress Classification     WISCONSIN INTERNATIONAL UNIVERSITY COLLEGE, GHANA - MAIN LIBRARY WISCONSIN INTERNATIONAL UNIVERSITY COLLEGE, GHANA - MAIN LIBRARY General Stacks 05/06/2012   HF5548.2.O23 2394/12 05/06/2012 1 05/06/2012 Books
    Library of Congress Classification     WISCONSIN INTERNATIONAL UNIVERSITY COLLEGE, GHANA - MAIN LIBRARY WISCONSIN INTERNATIONAL UNIVERSITY COLLEGE, GHANA - MAIN LIBRARY General Stacks 05/06/2012   HF5548.2.O231 2395/12 05/06/2012 2 05/06/2012 Books
    Library of Congress Classification     WISCONSIN INTERNATIONAL UNIVERSITY COLLEGE, GHANA - MAIN LIBRARY WISCONSIN INTERNATIONAL UNIVERSITY COLLEGE, GHANA - MAIN LIBRARY General Stacks 05/06/2012   HF5548.2.O232 2396/12 05/06/2012 3 05/06/2012 Books
    Library of Congress Classification     WISCONSIN INTERNATIONAL UNIVERSITY COLLEGE, GHANA - MAIN LIBRARY WISCONSIN INTERNATIONAL UNIVERSITY COLLEGE, GHANA - MAIN LIBRARY General Stacks 05/06/2012   HF5548.2.O233 2397/12 05/06/2012 4 05/06/2012 Books

If you have any concerns or questions; kindly contact the library


© Powered by WIUC ICT DIRECTORATE